Topographie und Topik
| Titel: | Topographie und Topik : Zur Beziehung von Narration und Argumentation in der autobiographischen Holocaust-Literatur |
|---|---|
| Verfasser: | |
| In: |
Überleben schreiben, (2002), Seite 51-75 alle Artikel anzeigen |
| Veröffentlicht: | 2002 |
| Format: | Aufsatz |
| Sprache: | Deutsch |
X
alg: 39169110 001A $01999:11-11-16 001B $01999:15-05-21 $t21:02:11.000 001D $01999:11-11-16 001U $0utf8 001X $00 002@ $0Aox 003@ $0391691104 007A $0391691104 $aHEB 007T $0Herdc0014778m 010@ $ager 011@ $a2002 021A $aTopographie und Topik $dZur Beziehung von Narration und Argumentation in der autobiographischen Holocaust-Literatur 028A $aButzer $dGünter 031A $h51-75 $j2002 039B $aIn $8--Aau--. Überleben schreiben. - Würzburg : Königshausen & Neumann, 2002. - 218 S.. - ISBN 3-8260-2219-X $x200200000000000949 $9103643702 045F $a800 $eDDC23BSB 045F/01 $a800 045F/03 $g437 lok: 39169110 78 exp: 39169110 78 1 #EPN 201B/01 $019-04-17 $t10:20:21.000 201U/01 $0utf8 203@/01 $0787785792 208@/01 $a11-11-16 $be 209A/01 $a/ $f000 $x00 220C/01 $aTitelaufnehmer: wr;ha 244Z/01 $2Trx $#Kesk- ja Ida- Euroopa kontseptsioonid $#Vidurio Europos koncepcijos $#East-Central Europe $#Keletközépeurópa-eszmék $#Europa Środkowo-Wschodnia koncepcje $#Európa stredovýchodná koncepcie $#Evropa střední, východní část koncepce $#Mitteleuropa $#Osteuropakonzeptionen $#Europa Środkowa koncepcje $#Stredná Európa koncepcie $#Střední Europa koncepce $8--Trx--Ostmitteleuropakonzeptionen $x01 $9391364286 244Z/01 $aGeschichte 1840-1970 $x02 244Z/01 $2Trx $#kirjandus üldine $#literatūra bendras $#literature general $#irodalom, általános $#literatura ogólnie $#literatúra všeobecne $#literatura všeobecně $#życie literackie $8--Trx--Literatur$gallgemein $x03 $9391365320 244Z/01 $2Trx $#Holokaust 1941-1945 $#Holokaustas 1941-1945 $#Holocaust 1941-1945 $#holocaust 1941-1945 $#holokaust 1941-1945 $#holokaust 1941-1945 $#holokaust 1941-1945 $#Shoah $#Judenvernichtung $#shoah $#shoah $#šoa $8--Trx--Holocaust$g1941-1945 $x04 $9391361090 244Z/01 $2Trx $#natsionaalsotsialism 1920-1945 $#nacionalsocializmas 1920-1945 $#National Socialism 1920-1945 $#nemzetiszocializmus 1920-1945 $#narodowy socjalizm 1920-1945 $#socializmus národný 1920-1945 $#národní socialismus 1920-1945 $8--Trx--Nationalsozialismus$g1920-1945 $x05 $9391359525 244Z/01 $2Trx $#kontsetratsioonilaagrid 1933-1945 $#koncentracijos stovyklos 1933-1945 $#concentration camps 1933-1945 $#koncentrációs táborok 1933-1945 $#obozy koncentracyjne 1933-1945 $#tábory koncentračné 1933-1945 $#tábory koncentrační 1933-1945 $#Vernichtungslager $#obozy zagłady $#tábory vyhladzovacie $8--Trx--Konzentrationslager$g1933-1945 $x06 $9391374737 244Z/01 $2Trx $#autobiograafiad $#autobiografijos $#Autobiographies $#önéletrajzok $#autobiografie $#autobiografie $#autobiografie $#životopisy $#životopisy $8--Trx--Autobiographien $x07 $939136247X 244Z/01 $2Trx $#kirjanikud $#rašytojai $#writers $#írók $#pisarze $#spisovatelia $#spisovatelé $8--Trx--Schriftsteller $x08 $9391382659 244Z/01 $2Trx $8--Trx--Einzelbeiträge $x09 $9391384570 245Z/01 $a11.08 $x01 247C/01 $82080>Marburg/Lahn, Herder-Institut, Forschungsbibliothek, Bibliographieportal $9336309341
| LEADER | 00000caa a22000002c 4500 | ||
|---|---|---|---|
| 001 | 391691104 | ||
| 003 | DE-603 | ||
| 005 | 20210515210211.0 | ||
| 007 | tu | ||
| 008 | 161111s2002 xx |||| | u00||u|ger c | ||
| 035 | |a (DE-599)HEB391691104 | ||
| 040 | |a DE-603 |b ger |c DE-603 |d DE-603 | ||
| 041 | |a ger | ||
| 082 | 0 | 4 | |8 1\u |a 800 |q DE-101 |2 23/BSB |
| 085 | |8 1\u |b 800 | ||
| 085 | |8 1\u |z 2 |s 437 | ||
| 100 | 1 | |a Butzer, Günter | |
| 245 | 0 | 0 | |a Topographie und Topik |b Zur Beziehung von Narration und Argumentation in der autobiographischen Holocaust-Literatur |
| 264 | 0 | |c 2002 | |
| 773 | 0 | 8 | |i In |t Überleben schreiben |d Würzburg : Königshausen & Neumann, 2002 |h 218 S., 23 cm |z 382602219X |g (2002), Seite 51-75 |w (DE-603)103643702 |
| 924 | 0 | |9 2080 |a (DE-603)787785792 |b DE-2080 |c HES |d d |g / | |


